| 000 | 00511nam a2200181Ia 4500 | ||
|---|---|---|---|
| 001 | 4870 | ||
| 005 | 20260306145826.0 | ||
| 008 | 260306t2012||||xx |||||||||||||| ||spa|| | ||
| 041 | _aESP | ||
| 082 |
_a330.985 _bI24A |
||
| 100 |
_aJaramillo Baanante, Miguel _eAUT |
||
| 245 | 0 |
_aAjuste del mercado laboral peruano ante cambios en el salario mínimo: _bla experiencia de la década de 2000 |
|
| 260 | _c2012 | ||
| 300 |
_a79 páginas : _c23 cm. |
||
| 650 | _aGEN | ||
| 654 | _aCAN | ||
| 942 |
_cLIB _dJUS _fJUS _2ddc _n |
||
| 999 |
_c4870 _d4870 |
||